000 00693nam a2200289Ia 4500
005 20260324140901.0
008 008 260324s9999 xx 000 0 eng d
020 _a9780203054307
037 _aEBOOK
040 _aCRL
040 _beng
040 _cCRL
041 _2eng
041 _aeng
084 _qCRL
100 _aDavid Greetham
_91206092
245 0 _aTextual Transgressions
245 0 _bEssays Toward the Construction of a Biobibliography
260 _bTaylor and Francis
260 _c1998
365 _a
365 _b230
856 _uhttp://www.taylorfrancis.com/books/9780203054307
942 _cEBOOK
999 _c1808617
_d1808617